| 000 | 01184pam a2200337 a 4500 | ||
|---|---|---|---|
| 001 | 549713 | ||
| 003 | OSt | ||
| 005 | 20211118165153.0 | ||
| 008 | 881116s1989 enka b 001 0 eng | ||
| 010 | _a 88034068 | ||
| 020 | _a071316588X (pbk.) | ||
| 020 | _a0713165944 (hard) | ||
| 040 |
_aDLC _cHU _dDLC |
||
| 043 | _ae-uk--- | ||
| 050 | 0 | 0 |
_aPE1135 _b.G5 1989 |
| 082 | 0 | 0 |
_a421/.55 _219 |
| 100 | 1 |
_aGimson, A. C. _919384 |
|
| 245 | 1 | 3 |
_aAn introduction to the pronunciation of English / _cA.C. Gimson. |
| 250 |
_a4th ed. / _brevised by Susan Ramsaran. |
||
| 260 |
_aLondon ; _aNew York : _bE. Arnold ; _aNew York, NY : _bDistributed in the USA by Routledge, Chapman and Hall, _c1989. |
||
| 300 |
_axix, 364 p. : _bill. ; _c22 cm. |
||
| 500 | _aIncludes index. | ||
| 504 | _aBibliography: p. 342-352. | ||
| 650 | 0 |
_aEnglish language _xPhonetics. _919385 |
|
| 650 | 0 |
_aEnglish language _xPronunciation. _918999 |
|
| 650 | 0 |
_aEnglish language _zGreat Britain. _919386 |
|
| 700 | 1 |
_aRamsaran, Susan. _919387 |
|
| 906 |
_a7 _bcbc _corignew _d1 _eocip _f19 _gy-gencatlg |
||
| 942 |
_2ddc _cBOOKS _n0 |
||
| 999 |
_c19124 _d19124 |
||